The Market makers : how leading companies create and win markets.
| Main Author: | |
|---|---|
| Format: | Book |
| Published: |
New York:
Mc Graw-Hill,
1998.
|
| Subjects: |
| LEADER | 00454cam a2200157 7i4500 | ||
|---|---|---|---|
| 001 | 0000007585 | ||
| 005 | 20000510090000.0 | ||
| 020 | 0 | 0 | |a 007060584 X |
| 090 | 0 | 0 | |a B 658.8 |b SPU |
| 100 | 1 | 0 | |a Spulber |
| 245 | 1 | 4 | |a The Market makers : |b how leading companies create and win markets. |
| 260 | 0 | 0 | |a New York: |b Mc Graw-Hill, |c 1998. |
| 300 | # | # | |a 314 p. |
| 650 | 0 | 0 | |a Success in business |
| 650 | 0 | 0 | |a Market share |
| 999 | |a B000010716 |b Book |c Book |e Business Information Centre | ||